00906nam a2200277Ia 450000500170000000800410001702000180005810000170007624500680009325000180016130000250017953400280020465000320023265000360026465000320030065000350033265000350036765000420040270000170044426400330046133600270049433700330052133800280055404000350058208400110061720220317001543.0161108s2014 s g 000 f s  a97884666543641 aKlune, T. J.10aDos hombres y un niñocTJ Klune ; traducción de Jordi Vidal a1a. edición a428 páginasc23 cm tBear, Otter and the kid142LEMBaNovela estadounidense142LEMBaLiteratura estadounidense142LEMBaAmor en la literatura142LEMBaAmistad en la literatura142LEMBaFamilia en la literatura142LEMBaHomosexualidad en la literatura1 aVidal, Jordi aBarcelonabEdiciones Bc2014 atextobtxt2rdacontent asin mediaciónbn2rdamedia avolumenbnc2rdacarrier aCO-BoRNBPbspaerdacCO-BoRNBP aN KLU1